Statistics for US Cities That Start With Z

Click here to take the quiz!

General Stats

  • This quiz has been taken 143 times
  • The average score is 3 of 7

Answer Stats

HintAnswer% Correct
24,413Zion, IL
73%
25,487Zanesville, OH
67%
14,960Zachary, LA
44%
14,160Zionsville, IN
44%
13,288Zephyrhills, FL
36%
5,504Zeeland, MI
22%
5,228Zimmerman, MN
20%

Score Distribution

Percentile by Number Answered

Percent of People with Each Score

Your Score History

You have not taken this quiz